000
00216nam a22000857a 4500
008
161212b xxu||||| |||| 00| 0 eng d
100
_9
1998
_a
NCERT
245
_a
Social Science- History-IX
260
_a
New Delhi
_b
NCERT
_c
2007
999
_c
4843
_d
4843